00846nam a2200205 a 4500001000200000003000900002005001700011008004100028040003000069082002600099110007800125245009000203264010500293300002500398336002700423337003300450338002800483650006100511650006800572 DO-SdBNP20230911153024.0110610s195- dr r 000 0 spa d aDO-SdBNPbspacBNPHUerda a373.27bR426p 1952222 aRepública Dominicana.bMinisterio de Educación, Bellas Artes y Cultos10aProgramas de la educación secundaria :b4to curso, ciencias físicas y naturales / 1aCiudad Trujillo, República Dominicana :bMinisterio de Educación, Bellas Artes y Cultos,c[1955] a36 páginasc20 cm. 2rdacontentatextobtxt 2rdamediaasin mediaciónbn 2rdacarrieravolumenbnc aEducacion secundaria xProgramaszRepública Dominicana aActividades estudiantiles xProgramas zRepública Dominicana